000 00857nam0a22002531 4500
001 RU\NLR\INFOCOMM_41\5000240580
005 20250613085823.0
035 _a(NLR Aleph) 009043892
090 _a9554888
_c9554888
100 _a20080814d1989 |||y0rusy50 ca
101 1 _aspa
_crus
102 _aRU
_aCU
105 _aa ||||000|y
200 1 _aHabía una vez una zorra
_e[Cuento para los niños de edad preescolar]
_fIgor Akìmushkin
_g[Trad. del ruso: Elsa Skrypiel
_gDib. de T. Vasíleva]
210 _aΜ.
_cMałysh
_aLa Habana
_cGente nueva
_d[1989]
215 _a[9] с.
_cцв. ил.
_d27 см
686 _aДл370
_2rubbk
700 1 _9z01790
_aAkimuškin
_bI. I.
_f1929-
_gIgor' Ivanovič
_4070
790 1 _9z01700
_aAkímushkin
_bI.
_4070
801 1 _aRU
_bNLR
_c20080814
801 0 _aRU
_bNLR
_gPSBO
852 _aNLR
_jДл01 Д-8/1864
942 _cBOOK
980 _aNB